01191nam a22002057a 4500003000400000005001700004008004100021020002200062040007600084082002200160100003000182245020800212250004900420260006200469300004300531505032700574650002100901650003300922650003000955OSt20230808130839.0230808b ||||| |||| 00| 0 eng d a978-612-315-683-1 aMunicipalidad Provincial del CuscobspacBiblioteca Municipal del Cusco a001.42 / E88bE88 aEspinoza Herrera, Nemesio aLa investigación científica a la luz de la epistemología / bNuevos planteamientos sobre la metodología de investigación para las tesis de bachiller y de maestría / cNemesio Espinoza Herrera aLima: bEditorial San Marcos E.I.R. L., 2020 aLima: bAníbal Paredes Editor S.A.C., cSeptiembre-2020 a264 páginas ;bdiagrama ; c20.5 cm. aLa investigación científica y la universidad -- La epistemología como base para la investigación científica para la tesis de bachiller y tesis de maestría -- La teoría de los 4 ejes del proceso de la investigación científica para la tesis de bachiller y tesis de maestría -- La tesis en la universidad  0aAdministración 0aInvestigación científica 0aCiencia - Epistemología